[Event "EU-ch Online U2300 Qual"]
[Site "Chess.com INT"]
[Date "2020.05.25"]
[Round "6"]
[White "Thorsteinsson, Thorsteinn"]
[Black "Panagopoulos, Nikolaos"]
[Result "1-0"]
[WhiteElo "2271"]
[BlackElo "2238"]
[PlyCount "33"]
[EventDate "2020.05.25"]
[EventType "swiss"]
[EventRounds "8"]
[EventCountry "NET"]
[SourceTitle "EXT 2021"]
[Source "ChessBase"]
[SourceDate "2020.10.23"]
[SourceVersion "1"]
[SourceVersionDate "2020.10.23"]
[SourceQuality "1"]

1. Nf3 d6 2. d4 f5 3. g3 Nf6 4. Bg2 g6 5. 0-0 Bg7 6. c4 0-0 7. Nc3 Nc6 8. b3 e5 9. e3 e4 10. Nd2 Nb4 11. Ba3 Nd3 12. f3 d5 13. cxd5 Nxd5 14. Nxd5 Qxd5 15. fxe4 fxe4 16. Bxf8 Bxf8 17. Bxe4 1-0

[Event "GRE-chT"]
[Site "Aghia Pelagia"]
[Date "2004.07.07"]
[Round "4.4"]
[White "Logothetis, Sotirios"]
[Black "Panagopoulos, Nikolaos"]
[Result "1-0"]
[WhiteElo "2233"]
[BlackElo "2306"]
[PlyCount "49"]
[EventDate "2004.07.04"]
[EventType "team"]
[EventRounds "9"]
[EventCountry "GRE"]
[SourceTitle "CBM 101 Extra"]
[Source "ChessBase"]
[SourceDate "2004.09.01"]
[SourceVersion "2"]
[SourceVersionDate "2004.09.01"]
[SourceQuality "1"]
[WhiteTeam "11"]
[BlackTeam "05"]
[WhiteTeamCountry "GRE"]
[BlackTeamCountry "GRE"]

1. d4 Nf6 2. Nf3 d5 3. c4 e6 4. Nc3 Be7 5. Bg5 Nbd7 6. e3 0-0 7. cxd5 exd5 8. Bd3 c6 9. Qc2 Re8 10. 0-0 Nf8 11. h3 Ne4 12. Bf4 f5 13. Ne5 g5 14. Bh2 Ng6 15. f3 Nxe5 16. Bxe5 Nxc3 17. bxc3 Bd6 18. Bxf5 Bxe5 19. dxe5 Rxe5 20. Bxh7+ Kh8 21. Bg6 Rxe3 22. Rae1 Qb6 23. Kh1 Kg7 24. Bh5 Re6 25. Rxe6 1-0

[Event "GRE-chT 32nd"]
[Site "Kallithea"]
[Date "2003.07.09"]
[Round "7"]
[White "Panagopoulos, Nikolaos"]
[Black "Valellis, Georgios"]
[Result "1/2-1/2"]
[WhiteElo "2315"]
[BlackElo "2155"]
[PlyCount "107"]
[EventDate "2003.07.04"]
[EventType "team-tourn"]
[EventRounds "9"]
[EventCountry "GRE"]
[SourceTitle "CBM 095 Extra"]
[Source "ChessBase"]
[SourceDate "2003.09.04"]
[SourceVersion "1"]
[SourceVersionDate "2003.09.04"]
[SourceQuality "1"]

1. e4 c5 2. Nf3 e6 3. d3 Nc6 4. g3 g6 5. Bg2 Bg7 6. 0-0 Nge7 7. c3 d5 8. Nbd2 0-0 9. Re1 b5 10. e5 b4 11. h4 bxc3 12. bxc3 Ba6 13. Nf1 Qa5 14. Qc2 Qb5 15. Ba3 Qa5 16. Bc1 Qb5 17. d4 cxd4 18. cxd4 Rab8 19. Ba3 Rfc8 20. Rab1 Qd3 21. Qxd3 Bxd3 22. Rxb8 Rxb8 23. N1d2 Nf5 24. Nb3 Bc4 25. g4 Bxb3 26. gxf5 Bxa2 27. fxe6 fxe6 28. Bh3 Re8 29. Bc5 Bh6 30. Bxa7 Kf7 31. Bc5 Rb8 32. Kg2 Rb1 33. Rxb1 Bxb1 34. Kg3 Be4 35. Ng5+ Bxg5 36. hxg5 Na5 37. Kf4 Nc4 38. Bf1 Bf5 39. Bb4 Ke8 40. Bxc4 dxc4 41. Ke3 Kd7 42. f4 Kc6 43. Bc3 Bh3 44. Kd2 Bg2 45. Bb2 Kb5 46. Kc3 Bd5 47. Ba3 Ka4 48. Bc5 Kb5 49. Ba3 Kc6 50. Bb2 Kb6 51. Bc1 Kb5 52. Bb2 Be4 53. Bc1 Bd5 54. Bb2 1/2-1/2

[Event "GRE-chT 32nd"]
[Site "Kallithea"]
[Date "2003.07.07"]
[Round "4"]
[White "Touloumis, Anestis"]
[Black "Panagopoulos, Nikolaos"]
[Result "0-1"]
[WhiteElo "2196"]
[BlackElo "2315"]
[PlyCount "112"]
[EventDate "2003.07.04"]
[EventType "team-tourn"]
[EventRounds "9"]
[EventCountry "GRE"]
[SourceTitle "CBM 095 Extra"]
[Source "ChessBase"]
[SourceDate "2003.09.04"]
[SourceVersion "1"]
[SourceVersionDate "2003.09.04"]
[SourceQuality "1"]

1. e4 c5 2. Nf3 e6 3. d4 cxd4 4. Nxd4 Nc6 5. Nc3 Qc7 6. Be3 a6 7. Bd3 Nf6 8. 0-0 Ne5 9. h3 b5 10. a3 Bb7 11. Nb3 Nc4 12. Bc1 Be7 13. Qe2 Rc8 14. a4 b4 15. Na2 d5 16. exd5 Bxd5 17. Nd2 a5 18. b3 Nd6 19. Bb2 0-0 20. Rae1 Qa7 21. Nc1 Qa8 22. f4 Rfe8 23. Kh2 Nf5 24. g4 Nh4 25. g5 Nd7 26. Qg4 Nf5 27. Ne4 g6 28. Ng3 Bf8 29. Nxf5 exf5 30. Qd1 Bc5 31. Rxe8+ Rxe8 32. Bb5 Rd8 33. Nd3 Bb6 34. Kg3 Be4 35. Bc4 Qa7 36. Qe2 Bd4 37. Bxd4 Qxd4 38. Rd1 Qc3 39. Kh2 Rc8 40. Qd2 Qxd2+ 41. Rxd2 Nb6 42. Ne5 Rc7 43. Kg3 Kg7 44. h4 Kf8 45. Kf2 Nxc4 46. Nxc4 Ke7 47. Ke3 f6 48. Nxa5 Bxc2 49. Rd4 fxg5 50. fxg5 Bxb3 51. Rxb4 Be6 52. Rb7 Kd6 53. Rxc7 Kxc7 54. Kd4 Bd7 55. Ke5 Bxa4 56. Kf6 Bd1 0-1

[Event "GRE-chT 32nd"]
[Site "Kallithea"]
[Date "2003.07.06"]
[Round "3"]
[White "Panagopoulos, Nikolaos"]
[Black "Skalkotas, Nikolaos"]
[Result "0-1"]
[WhiteElo "2315"]
[BlackElo "2285"]
[PlyCount "68"]
[EventDate "2003.07.04"]
[EventType "team-tourn"]
[EventRounds "9"]
[EventCountry "GRE"]
[SourceTitle "CBM 095 Extra"]
[Source "ChessBase"]
[SourceDate "2003.09.04"]
[SourceVersion "1"]
[SourceVersionDate "2003.09.04"]
[SourceQuality "1"]

1. e4 e6 2. d4 d5 3. e5 c5 4. c3 Bd7 5. Nf3 Qb6 6. a3 cxd4 7. cxd4 Bb5 8. Bxb5+ Qxb5 9. Nc3 Qd7 10. 0-0 Nc6 11. b4 Rc8 12. Bb2 Nh6 13. Na4 b6 14. Rc1 Be7 15. Bc3 0-0 16. b5 Nd8 17. Qb3 Nb7 18. Nb2 Rc7 19. a4 Rfc8 20. Nd3 Rc4 21. h3 f5 22. Bd2 Nf7 23. Ra1 g5 24. g4 fxg4 25. hxg4 h5 26. gxh5 g4 27. Nh2 Rxd4 28. f4 Nh6 29. Be3 Re4 30. Nf2 Rb4 31. Qd3 Nf5 32. Nhxg4 Kh8 33. Nh3 Qe8 34. Kh2 Qxh5 0-1

[Event "GRE-chT 32nd"]
[Site "Kallithea"]
[Date "2003.07.05"]
[Round "2"]
[White "Panagopoulos, Nikolaos"]
[Black "Karagiannis, Athanasios"]
[Result "0-1"]
[WhiteElo "2315"]
[BlackElo "2358"]
[PlyCount "79"]
[EventDate "2003.07.04"]
[EventType "team-tourn"]
[EventRounds "9"]
[EventCountry "GRE"]
[SourceTitle "CBM 095 Extra"]
[Source "ChessBase"]
[SourceDate "2003.09.04"]
[SourceVersion "1"]
[SourceVersionDate "2003.09.04"]
[SourceQuality "1"]

1. d4 c6 2. e4 d6 3. Nc3 g6 4. Be3 Bg7 5. Qd2 Nf6 6. f3 a5 7. Bd3 Nbd7 8. Nge2 e5 9. a4 0-0 10. dxe5 dxe5 11. Bc4 Qe7 12. Nc1 Nc5 13. Nb3 Nxb3 14. Bxb3 Nd7 15. Qf2 Re8 16. h4 Nf8 17. Bc5 Qf6 18. g4 Be6 19. g5 Qd8 20. Bb6 Qc8 21. Bxe6 Qxe6 22. h5 Qe7 23. hxg6 fxg6 24. 0-0-0 Qxg5+ 25. Kb1 Qf6 26. Ne2 Qf7 27. Rd6 Re6 28. Rd3 Re7 29. Rhd1 Rd7 30. Nc1 Rxd3 31. Rxd3 Qc4 32. b3 Qf7 33. Qd2 h5 34. Bxa5 Ne6 35. Bc3 Nd4 36. Bxd4 exd4 37. f4 c5 38. Rg3 b5 39. a5 b4 40. Nd3 0-1

[Event "GRE-chT 31st"]
[Site "Chalkidiki"]
[Date "2002.07.10"]
[Round "6"]
[White "Panagopoulos, Nikolaos"]
[Black "Sigalas, Frangiskos"]
[Result "0-1"]
[WhiteElo "2311"]
[BlackElo "2153"]
[PlyCount "92"]
[EventDate "2002.07.05"]
[EventType "team"]
[EventRounds "8"]
[EventCountry "GRE"]
[SourceTitle "CBM 089 Extra"]
[Source "ChessBase"]
[SourceDate "2002.09.10"]
[SourceVersion "2"]
[SourceVersionDate "2002.09.10"]
[SourceQuality "1"]

1. e4 e6 2. d4 d5 3. e5 c5 4. c3 Nc6 5. Nf3 Bd7 6. a3 f6 7. Bd3 fxe5 8. dxe5 Qc7 9. Qe2 Nh6 10. Bf4 Nf7 11. h4 0-0-0 12. Nbd2 Be7 13. b4 c4 14. Bc2 Rdf8 15. g3 g6 16. 0-0 Rhg8 17. b5 Na5 18. a4 b6 19. Ng5 Nxg5 20. Bxg5 Bc5 21. Kh2 Rf7 22. Bh6 Bf8 23. Bxf8 Rfxf8 24. f4 Kb8 25. Nf3 Bc8 26. Nd4 Qg7 27. Qg4 h6 28. Rae1 Nb7 29. Kg2 Nc5 30. Kf2 g5 31. hxg5 hxg5 32. Ke2 gxf4 33. Qxg7 Rxg7 34. gxf4 Rg2+ 35. Ke3 Rfg8 36. Re2 R2g3+ 37. Rf3 Rg1 38. Rh2 Bb7 39. Rh6 Nb3 40. Rxe6 Re1+ 41. Kf2 Rgg1 42. f5 Ref1+ 43. Ke3 Re1+ 44. Kf4 Na1 45. f6 Bc8 46. Re8 Rg4# 0-1

[Event "GRE-chT 31st"]
[Site "Chalkidiki"]
[Date "2002.07.08"]
[Round "4"]
[White "Panagopoulos, Nikolaos"]
[Black "Theofilopoulos, Aristotelis"]
[Result "1-0"]
[WhiteElo "2311"]
[BlackElo "2215"]
[PlyCount "83"]
[EventDate "2002.07.05"]
[EventType "team"]
[EventRounds "8"]
[EventCountry "GRE"]
[SourceTitle "CBM 089 Extra"]
[Source "ChessBase"]
[SourceDate "2002.09.10"]
[SourceVersion "2"]
[SourceVersionDate "2002.09.10"]
[SourceQuality "1"]

1. e4 c5 2. Nf3 e6 3. d4 cxd4 4. Nxd4 Nf6 5. Nc3 Nc6 6. Ndb5 d6 7. Bf4 e5 8. Bg5 a6 9. Na3 b5 10. Nd5 Be7 11. Bxf6 Bxf6 12. c3 0-0 13. Nc2 Bg5 14. a4 bxa4 15. Rxa4 f5 16. Bc4 Kh8 17. exf5 Bxf5 18. 0-0 a5 19. Bd3 Rb8 20. Bxf5 Rxf5 21. Qg4 Rf7 22. b4 axb4 23. cxb4 Rfb7 24. Rd1 Bh6 25. h3 Ne7 26. Qe6 Nxd5 27. Rxd5 Rb6 28. Na3 Qg8 29. Qxg8+ Kxg8 30. b5 Bc1 31. Nc4 R6b7 32. b6 Bg5 33. Rxd6 Bd8 34. Ra6 Be7 35. Rc6 e4 36. Ra7 Kf7 37. Rxb7 Rxb7 38. Na5 Rb8 39. b7 Bb4 40. Rc8 Bd6 41. Rxb8 Bxb8 42. Nc6 1-0

[Event "GRE-chT 31st"]
[Site "Chalkidiki"]
[Date "2002.07.07"]
[Round "3"]
[White "Panagopoulos, Nikolaos"]
[Black "Tsiamis, Konstantinos"]
[Result "1-0"]
[WhiteElo "2311"]
[BlackElo "2237"]
[PlyCount "91"]
[EventDate "2002.07.05"]
[EventType "team"]
[EventRounds "8"]
[EventCountry "GRE"]
[SourceTitle "CBM 089 Extra"]
[Source "ChessBase"]
[SourceDate "2002.09.10"]
[SourceVersion "2"]
[SourceVersionDate "2002.09.10"]
[SourceQuality "1"]

1. e4 d5 2. exd5 Qxd5 3. Nc3 Qa5 4. d4 c6 5. Bc4 Bf5 6. Nf3 e6 7. Bd2 Nf6 8. Qe2 Bb4 9. 0-0-0 Nbd7 10. Ne5 Nxe5 11. dxe5 Nd5 12. Ne4 Bxe4 13. Qxe4 Bxd2+ 14. Rxd2 0-0-0 15. Rhd1 Nb6 16. Bb3 Rxd2 17. Rxd2 Rd8 18. Rxd8+ Kxd8 19. c3 Nd7 20. f4 Qc5 21. Qd4 h5 22. Kd2 g6 23. Ke3 b6 24. Qxc5 Nxc5 25. Bc2 Kc7 26. Kf3 Kd8 27. Kg3 Ke7 28. Kh4 Kf8 29. Kg5 Kg7 30. h3 a5 31. g4 hxg4 32. hxg4 Kf8 33. b4 axb4 34. cxb4 Na6 35. a3 c5 36. Bd3 Nc7 37. bxc5 bxc5 38. a4 Nd5 39. a5 Ne7 40. Bb5 Nc8 41. Kf6 Na7 42. Bc4 Nc6 43. a6 Na7 44. f5 gxf5 45. gxf5 exf5 46. Bxf7 1-0

[Event "Ambelokipi op 34th"]
[Site "Athens"]
[Date "2002.01.30"]
[Round "6"]
[White "Panagopoulos, Nikolaos"]
[Black "Kolani, Leonard"]
[Result "1-0"]
[WhiteElo "2281"]
[BlackElo "2212"]
[PlyCount "147"]
[EventDate "2002.01.12"]
[EventType "swiss"]
[EventRounds "7"]
[EventCountry "GRE"]
[SourceTitle "CBM 086 Extra"]
[Source "ChessBase"]
[SourceDate "2002.03.14"]
[SourceVersion "1"]
[SourceVersionDate "2002.03.14"]
[SourceQuality "1"]

1. e4 d6 2. d4 g6 3. Nc3 Bg7 4. Be3 a6 5. Qd2 b5 6. Bd3 Nc6 7. Nge2 Nb4 8. 0-0 Nxd3 9. cxd3 Nf6 10. f3 0-0 11. Rfc1 c6 12. a4 Bd7 13. a5 Qb8 14. Na2 Qb7 15. Nb4 Rac8 16. Rc2 Rfe8 17. Rac1 h5 18. g3 Nh7 19. Kg2 Nf8 20. h3 f6 21. g4 hxg4 22. hxg4 Kf7 23. Kf2 Red8 24. Rh1 d5 25. Nc1 Ne6 26. Nb3 Rh8 27. Rcc1 Qa8 28. Kg2 Rxh1 29. Rxh1 Rh8 30. Rxh8 Bxh8 31. Qc1 Nd8 32. Nc5 Bc8 33. Qh1 Bg7 34. Qh7 g5 35. f4 Ne6 36. Nxe6 Bxe6 37. f5 Bd7 38. e5 Kf8 39. e6 Be8 40. Kf2 Qd8 41. Nxa6 Qxa5 42. Nc5 Qa1 43. Kg3 b4 44. Qh2 Kg8 45. Qc2 Qh1 46. Qg2 Qh4+ 47. Kf3 Qe1 48. Qg1 Qh4 49. Bf2 Qh3+ 50. Bg3 Bh5 51. gxh5 Qxf5+ 52. Kg2 g4 53. Qe3 Qxh5 54. Bf4 f5 55. Nd7 Qg6 56. b3 Kh7 57. Nb8 Qe8 58. Qc1 Kg8 59. Nxc6 Bf6 60. Nxb4 Bxd4 61. Nxd5 Qa8 62. Qc8+ Qxc8 63. Nxe7+ Kg7 64. Nxc8 Kf6 65. e7 Kf7 66. Bg5 Be5 67. d4 Bc7 68. d5 f4 69. d6 f3+ 70. Kg3 Bb8 71. Kf2 Ke8 72. Nb6 Ba7 73. d7+ Kf7 74. e8Q+ 1-0

[Event "Ambelokipi op 34th"]
[Site "Athens"]
[Date "2002.01.26"]
[Round "5"]
[White "Kapnisis, Spyridon"]
[Black "Panagopoulos, Nikolaos"]
[Result "0-1"]
[WhiteElo "2366"]
[BlackElo "2281"]
[PlyCount "108"]
[EventDate "2002.01.12"]
[EventType "swiss"]
[EventRounds "7"]
[EventCountry "GRE"]
[SourceTitle "CBM 086 Extra"]
[Source "ChessBase"]
[SourceDate "2002.03.14"]
[SourceVersion "1"]
[SourceVersionDate "2002.03.14"]
[SourceQuality "1"]

1. e4 c5 2. Nf3 e6 3. d4 cxd4 4. Nxd4 a6 5. Nc3 b5 6. Be2 Bb7 7. 0-0 b4 8. Na4 Bxe4 9. c3 Nf6 10. Bg5 Nc6 11. f3 Nxd4 12. Qxd4 Bc6 13. Nb6 Rb8 14. Nc4 d5 15. Ne5 Bb5 16. Bxb5+ Rxb5 17. Kh1 Qb6 18. Qh4 Be7 19. Rac1 0-0 20. Nd7 Nxd7 21. Bxe7 Re8 22. Bxb4 Qb8 23. f4 Nf6 24. Ba3 Ne4 25. Qe1 f5 26. c4 dxc4 27. Rxc4 Rd5 28. Bb4 Red8 29. Rxe4 fxe4 30. Qxe4 Qb6 31. Bc3 Rd1 32. Re1 Rxe1+ 33. Qxe1 Qd6 34. h3 Qd1 35. Qxd1 Rxd1+ 36. Kh2 Rd3 37. g3 h5 38. h4 Kf7 39. Kg2 Kg6 40. Kf2 Rd7 41. Kf3 Kf5 42. Be1 Rd3+ 43. Ke2 Ke4 44. a4 g6 45. Kf2 Rd4 46. a5 Rd3 47. Ke2 Kd4 48. Bf2+ Kc4 49. Be1 Kd4 50. Bf2+ Ke4 51. Be1 Rf3 52. Kd2 Rb3 53. Kc2 Rd3 54. b4 Rd5 0-1

[Event "GRE-chT 30th"]
[Site "Athens"]
[Date "2001.??.??"]
[Round "4"]
[White "Panagopoulos, Nikolaos"]
[Black "Markidis, Konstantinos"]
[Result "1-0"]
[WhiteElo "2300"]
[BlackElo "2385"]
[PlyCount "101"]
[EventDate "2001.07.07"]
[EventType "team"]
[EventRounds "9"]
[EventCountry "GRE"]
[SourceTitle "CBM 085 Extra"]
[Source "ChessBase"]
[SourceDate "2002.01.21"]
[SourceVersion "1"]
[SourceVersionDate "2002.01.21"]
[SourceQuality "1"]

1. e4 e5 2. Nf3 Nc6 3. Bb5 a6 4. Ba4 Nf6 5. 0-0 Be7 6. Bxc6 dxc6 7. Nc3 Nd7 8. d4 exd4 9. Nxd4 0-0 10. f4 Nf6 11. h3 Bc5 12. Be3 Re8 13. Qd3 Qe7 14. e5 Nd5 15. Nxd5 cxd5 16. Rae1 Bd7 17. c3 Bc6 18. Rf3 Rad8 19. Nc2 Bb5 20. Qd2 Bxe3+ 21. Nxe3 Qe6 22. b4 b6 23. Nc2 Qh6 24. Qf2 Re7 25. Rg3 Rde8 26. Ne3 Qe6 27. Ng4 f5 28. Nf6+ Kh8 29. Nxe8 Rxe8 30. Rg5 Rf8 31. g4 Bd3 32. Qg3 Be4 33. gxf5 Bxf5 34. Rxg7 c5 35. Kh2 Bg6 36. Rc7 d4 37. cxd4 cxd4 38. Re2 d3 39. Rg2 b5 40. Qe3 Rd8 41. Rc5 Bf5 42. Rd2 Bg6 43. f5 Qxf5 44. e6 Qf6 45. e7 Re8 46. Re5 Kg7 47. Re6 Qc3 48. h4 Qc7+ 49. Kh1 Kf7 50. Rf2+ Kg7 51. h5 1-0

[Event "Ambelokipi op 22th"]
[Site "Athens"]
[Date "2000.02.19"]
[Round "5"]
[White "Shahtahtinsky, Alekper"]
[Black "Panagopoulos, Nikolaos"]
[Result "1-0"]
[WhiteElo "2357"]
[BlackElo "2283"]
[PlyCount "49"]
[EventDate "2000.02.05"]
[EventType "swiss"]
[EventRounds "7"]
[EventCountry "GRE"]
[SourceTitle "EXT 2004"]
[Source "ChessBase"]
[SourceDate "2003.11.25"]
[SourceVersion "1"]
[SourceVersionDate "2003.11.25"]
[SourceQuality "1"]

1. Nf3 f5 2. d3 d6 3. g3 e5 4. Bg2 Nf6 5. c3 c6 6. 0-0 g6 7. e4 Bg7 8. Nbd2 0-0 9. Re1 Kh8 10. d4 fxe4 11. dxe5 exf3 12. exf6 Qxf6 13. Ne4 Qf5 14. Nxd6 Qf6 15. Bf1 Bg4 16. Ne8 Qf7 17. Nxg7 Qxg7 18. Be3 Nd7 19. h3 c5 20. hxg4 Rad8 21. Bg5 Rde8 22. Rxe8 Rxe8 23. Qxf3 h6 24. Bxh6 Qxh6 25. Qf7 1-0

[Event "Glyfada op 1st"]
[Site "Glyfada"]
[Date "1999.09.05"]
[Round "6"]
[White "Panagopoulos, Nikolaos"]
[Black "Khetsuriani, Besarion"]
[Result "1/2-1/2"]
[WhiteElo "2332"]
[BlackElo "2339"]
[PlyCount "81"]
[EventDate "1999.08.31"]
[EventType "swiss"]
[EventRounds "9"]
[EventCountry "GRE"]
[SourceTitle "EXT 2000"]
[Source "ChessBase"]
[SourceDate "1999.11.16"]
[SourceVersion "1"]
[SourceVersionDate "1999.11.16"]
[SourceQuality "1"]

1. e4 d6 2. d4 g6 3. Nf3 Bg7 4. Bc4 c6 5. Nc3 Nf6 6. Bb3 0-0 7. h3 Na6 8. Be3 Qa5 9. 0-0 Nc7 10. Qd2 Qh5 11. Nh2 Nb5 12. Nxb5 Qxb5 13. a4 Qb6 14. f3 Qc7 15. Ng4 Nxg4 16. hxg4 Be6 17. c4 b5 18. Rfc1 bxc4 19. Bxc4 Bxc4 20. Rxc4 Qd7 21. Rac1 d5 22. Rxc6 dxe4 23. Rc7 Qxa4 24. Rxe7 exf3 25. gxf3 Rfe8 26. Rxe8+ Rxe8 27. Kg2 Qb3 28. Rc3 Qd5 29. Rc5 Qd6 30. b4 a6 31. d5 Bf8 32. Bf4 Qd7 33. d6 Rd8 34. Qd3 Qa4 35. Qd4 Qa2+ 36. Kg3 Qe2 37. Re5 Bg7 38. Rxe2 Bxd4 39. g5 f6 40. gxf6 Bxf6 41. Kf2 1/2-1/2

[Event "Chania op"]
[Site "Chania"]
[Date "1999.08.26"]
[Round "7"]
[White "Bras, Emanouel"]
[Black "Panagopoulos, Nikolaos"]
[Result "0-1"]
[WhiteElo "2000"]
[BlackElo "2340"]
[PlyCount "50"]
[EventDate "1999.08.20"]
[EventType "swiss"]
[EventRounds "9"]
[EventCountry "GRE"]
[SourceTitle "EXT 2007"]
[Source "ChessBase"]
[SourceDate "2006.11.23"]
[SourceVersion "1"]
[SourceVersionDate "2006.11.23"]
[SourceQuality "1"]

1. d4 Nf6 2. Nf3 c5 3. c4 cxd4 4. Nxd4 e5 5. Nf3 h6 6. Nc3 Nc6 7. e3 Bc5 8. Be2 d6 9. a3 a5 10. b3 0-0 11. 0-0 Bf5 12. Bb2 Re8 13. Re1 Rc8 14. Bf1 Bg4 15. h3 Bh5 16. Be2 Bg6 17. Bf1 e4 18. Nd4 Ne5 19. Na4 Ba7 20. Nb5 Bb8 21. Bd4 Nfd7 22. Nbc3 Qg5 23. Kh1 Nc5 24. Nxc5 dxc5 25. Bxe5 Qxe5 0-1

[Event "Chania op"]
[Site "Chania"]
[Date "1999.08.22"]
[Round "3"]
[White "Milonakis, Georgios"]
[Black "Panagopoulos, Nikolaos"]
[Result "0-1"]
[WhiteElo "1880"]
[BlackElo "2340"]
[PlyCount "78"]
[EventDate "1999.08.20"]
[EventType "swiss"]
[EventRounds "9"]
[EventCountry "GRE"]
[SourceTitle "EXT 2007"]
[Source "ChessBase"]
[SourceDate "2006.11.23"]
[SourceVersion "1"]
[SourceVersionDate "2006.11.23"]
[SourceQuality "1"]

1. e4 d6 2. d4 g6 3. c4 Bg7 4. Nc3 Nc6 5. Be3 e5 6. d5 Nd4 7. Bxd4 exd4 8. Nb5 c5 9. Qa4 Kf8 10. Bd3 a6 11. Na3 Nf6 12. Ne2 Ng4 13. h3 Ne5 14. Qc2 Qa5+ 15. Kf1 Qb4 16. f4 Nxd3 17. Qxd3 f5 18. exf5 Bxf5 19. Qb3 Re8 20. Ng3 Qd2 21. Nxf5 gxf5 22. Qc2 Qxf4+ 23. Qf2 Qxf2+ 24. Kxf2 d3 25. Rae1 Bxb2 26. Rxe8+ Kxe8 27. Nb1 b5 28. Nd2 Bd4+ 29. Kf3 Kf7 30. Rd1 Re8 31. cxb5 axb5 32. Nb3 Re3+ 33. Kf4 Kf6 34. Nxd4 Re4+ 35. Kf3 Rxd4 36. Ke3 d2 37. g4 fxg4 38. hxg4 Kg5 39. Kf3 c4 0-1

[Event "Chania op"]
[Site "Chania"]
[Date "1999.08.21"]
[Round "2"]
[White "Panagopoulos, Nikolaos"]
[Black "Ilandzis, Spyridon"]
[Result "1/2-1/2"]
[WhiteElo "2340"]
[BlackElo "2245"]
[PlyCount "141"]
[EventDate "1999.08.20"]
[EventType "swiss"]
[EventRounds "9"]
[EventCountry "GRE"]
[SourceTitle "EXT 2007"]
[Source "ChessBase"]
[SourceDate "2006.11.23"]
[SourceVersion "1"]
[SourceVersionDate "2006.11.23"]
[SourceQuality "1"]

1. e4 d5 2. exd5 Qxd5 3. Nc3 Qa5 4. Nf3 Nf6 5. d4 c6 6. Bc4 Bf5 7. Bd2 e6 8. Ne4 Qb6 9. Nxf6+ gxf6 10. Bb3 Nd7 11. Qe2 a5 12. Nh4 Bg6 13. 0-0-0 a4 14. Bxe6 fxe6 15. Qxe6+ Kd8 16. Nxg6 a3 17. b3 hxg6 18. Rhe1 Kc8 19. Qe8+ Qd8 20. Qf7 Bd6 21. Re6 Bxh2 22. Rde1 Kc7 23. g3 g5 24. Bb4 Rf8 25. Bxf8 Qxf8 26. Qxf8 Rxf8 27. Rh1 Rh8 28. Kd1 f5 29. Ke2 f4 30. Kf3 fxg3 31. fxg3 Rh3 32. Kg2 Rxg3+ 33. Kxh2 Rc3 34. Re2 Nf6 35. Rg1 Nd5 36. Rg3 Rxg3 37. Kxg3 Nc3 38. Re1 Kd6 39. Kf3 Kd5 40. Re5+ Kxd4 41. Ra5 Nb1 42. Rxg5 b5 43. Rg1 Nc3 44. Rg4+ Kc5 45. b4+ Kd5 46. Ke3 Nxa2 47. Rd4+ Ke5 48. Re4+ Kd6 49. Rd4+ Kc7 50. Rd1 Nxb4 51. c3 Nd5+ 52. Kd3 c5 53. Ra1 b4 54. cxb4 cxb4 55. Kc4 Kc6 56. Rh1 a2 57. Ra1 Ne3+ 58. Kb3 Kb5 59. Rxa2 Nd5 60. Ra4 Kc5 61. Ra5+ Kd6 62. Kc4 Ne7 63. Ra6+ Ke5 64. Kxb4 Nd5+ 65. Kc5 Nf4 66. Ra1 Ne6+ 67. Kc4 Kd6 68. Ra5 Nc7 69. Rc5 Ne6 70. Rd5+ Kc6 71. Rh5 1/2-1/2

[Event "Korinthos op 3rd"]
[Site "Korinthos"]
[Date "1999.07.28"]
[Round "5"]
[White "Panagopoulos, Nikolaos"]
[Black "Drazic, Sinisa"]
[Result "0-1"]
[WhiteElo "2332"]
[BlackElo "2493"]
[PlyCount "78"]
[EventDate "1999.07.27"]
[EventType "swiss"]
[EventRounds "9"]
[EventCountry "GRE"]
[SourceTitle "EXT 2000"]
[Source "ChessBase"]
[SourceDate "1999.11.16"]
[SourceVersion "1"]
[SourceVersionDate "1999.11.16"]
[SourceQuality "1"]

1. e4 c5 2. Nc3 Nc6 3. f4 e6 4. Nf3 d5 5. Bb5 Nge7 6. Qe2 d4 7. Nb1 a6 8. Bxc6+ Nxc6 9. d3 Be7 10. 0-0 0-0 11. Nbd2 b5 12. Ne5 Nb4 13. Ndf3 f6 14. a3 fxe5 15. Nxe5 Nd5 16. Nc6 Qd6 17. exd5 Bf6 18. Bd2 Qxd5 19. Na5 e5 20. f5 Bd8 21. Qe4 Qxe4 22. dxe4 Rf7 23. g4 c4 24. Bb4 Bxa5 25. Bxa5 Bb7 26. Rfe1 g6 27. Kf2 Kg7 28. Kg3 h5 29. h3 Rh8 30. Bd2 hxg4 31. hxg4 gxf5 32. exf5 Kf6 33. Rf1 Rfh7 34. g5+ Kg7 35. g6 Rh2 36. Rf2 Rxf2 37. Kxf2 Rh2+ 38. Kg3 Rxd2 39. Rf1 Kf6 0-1

[Event "Korinthos op 3rd"]
[Site "Korinthos"]
[Date "1999.07.26"]
[Round "3"]
[White "Panagopoulos, Nikolaos"]
[Black "Banikas, Hristos"]
[Result "0-1"]
[WhiteElo "2332"]
[BlackElo "2507"]
[PlyCount "96"]
[EventDate "1999.07.27"]
[EventType "swiss"]
[EventRounds "9"]
[EventCountry "GRE"]
[SourceTitle "EXT 2000"]
[Source "ChessBase"]
[SourceDate "1999.11.16"]
[SourceVersion "1"]
[SourceVersionDate "1999.11.16"]
[SourceQuality "1"]

1. e4 c5 2. Nf3 e6 3. d4 cxd4 4. Nxd4 Nc6 5. Nb5 d6 6. c4 Nf6 7. N1c3 a6 8. Na3 b6 9. Be2 Bb7 10. 0-0 Nb8 11. Bd3 Nbd7 12. Re1 Qc7 13. Bf4 h6 14. Bc2 Be7 15. Qe2 Ne5 16. Ba4+ Kf8 17. Bg3 Rc8 18. Bb3 h5 19. h3 h4 20. Bf4 Ng6 21. Bh2 Rh5 22. Nc2 Rc5 23. Nd4 Nh5 24. Qd2 Kg8 25. f4 Nhxf4 26. Bxf4 Nxf4 27. Qxf4 e5 28. Qf2 exd4 29. Nd5 Bxd5 30. exd5 b5 31. cxb5 Rxb5 32. Ba4 Rb4 33. Bc6 Bf6 34. Qd2 Qb6 35. Qd3 Rxb2 36. Kh1 Be5 37. Qf5 Qd8 38. Rf1 Rc7 39. Rab1 g6 40. Qg4 Rxb1 41. Rxb1 Rc8 42. Rb7 Kg7 43. Kg1 Rb8 44. Qf3 Rxb7 45. Bxb7 d3 46. Bc6 Qb6+ 47. Kf1 Qb1+ 48. Kf2 Bd4+ 0-1

[Event "Ambelokipi op 19th"]
[Site "Athens"]
[Date "1999.??.??"]
[Round "5"]
[White "Agouras, Ioannis"]
[Black "Panagopoulos, Nikolaos"]
[Result "0-1"]
[WhiteElo "1730"]
[BlackElo "2310"]
[PlyCount "78"]
[EventDate "1999.??.??"]
[EventType "swiss"]
[EventRounds "7"]
[EventCountry "GRE"]
[SourceTitle "EXT 2004"]
[Source "ChessBase"]
[SourceDate "2003.11.25"]
[SourceVersion "1"]
[SourceVersionDate "2003.11.25"]
[SourceQuality "1"]

1. c4 e5 2. d3 f5 3. Nf3 Nc6 4. g3 Nf6 5. Bg2 Bb4+ 6. Bd2 e4 7. dxe4 fxe4 8. Ng5 e3 9. fxe3 Ng4 10. Nf7 Kxf7 11. 0-0+ Ke8 12. Nc3 Bxc3 13. bxc3 Qe7 14. e4 Qc5+ 15. e3 Nce5 16. Kh1 d6 17. h3 Nf6 18. g4 h6 19. Be1 Nxc4 20. Bf2 Bd7 21. Rb1 Bc6 22. e5 dxe5 23. Qe2 Bxg2+ 24. Kxg2 Qc6+ 25. Kg1 Rd8 26. Rb4 b5 27. Qc2 Qe4 28. Qb3 a6 29. a4 c5 30. Rxb5 axb5 31. axb5 Ke7 32. Ra1 Ra8 33. Ra6 Rhd8 34. g5 hxg5 35. Qa2 Rd1+ 36. Be1 Qxe3+ 37. Qf2 Rxe1+ 38. Kg2 Qe4+ 39. Kg3 Nh5+ 0-1